00462ngm a22002057a 450000500170000000800410001704100080005808200120006611000100007824500440008826000150013226000100014726000090015730000150016665000150018165000140019665000100021065000170022065000190023720170224102002.0150507b xxu||||| |||| 00| 0 spa d aspa a383 DVD aEUNED aEncuentro académico alto al matonismo aCosta Rica bEUNED c2013 a22 minutos aCOSTA RICA aMATONISMO aMITOS aESTEREOTIPOS aVIDA SALUDABLE